00542nam a2200121Ia 4500008004100000020001800041100003100059245012000090260003900210650001400249650010700263856005000370171212s9999 xx 000 0 und d a9781922064301 aSong, Xianlin;Cadman, Kate cSong, Xianlin;Cadman, KateaBridging Transcultural DividesbAsian Languages and Cultures in Global Higher Education bUniversity of Adelaide Pressc2012 aEducation aOriental languages -- Study and teaching (Higher); Asia -- Civilization -- Study and teaching (Higher) uhttp://jstor.org/stable/10.20851/j.ctt1sq5w6k